| 000 | 00828cam a2200265 a 4500 | ||
|---|---|---|---|
| 999 |
_c3305 _d3305 |
||
| 001 | 935801 | ||
| 003 | GBCCL | ||
| 005 | 20241126110452.0 | ||
| 008 | 831026s1983 coua b 000 0 eng | ||
| 010 | _a 83070425 | ||
| 020 | _a0896361039 | ||
| 040 |
_aDLC _cDLC _dDLC |
||
| 050 | 0 | 0 |
_aHQ734 _b.S164 1983 |
| 082 | 0 | 0 |
_a248.844 _a646.78 _219 _bSAL |
| 100 | 1 |
_aSala, Harold J. _96787 |
|
| 245 | 1 | 0 |
_aSomething more than love : _bthe X-factors in a good marriage / _cHarold J. Sala. |
| 260 |
_aDenver, Colo. : _bAccent Books, _cc1983. |
||
| 300 |
_a159 p. : _bill. ; _c24 cm. |
||
| 504 | _aIncludes bibliographical references. | ||
| 650 | 0 |
_aMarriage. _92123 |
|
| 650 | 0 |
_aMarriage _xReligious aspects _xChristianity. _9295 |
|
| 650 | 0 |
_aFamilies. _96646 |
|
| 906 |
_a7 _bcbc _corignew _d2 _eopcn _f19 _gy-gencatlg |
||
| 942 |
_2ddc _cBK _01 |
||